Statistics for Birds on Flags

Click here to take the quiz!

General Stats

  • This quiz has been taken 21 times
  • The average score is 12 of 16

Answer Stats

Answer% Correct
African Fish Eagle
100%
Double-Headed Eagle
100%
Double-Headed Eagle
100%
Double-Headed Eagle
100%
Eagle
100%
Eagle of Saladin
100%
Golden Eagle
100%
Steppe Eagle
100%
Sisserou Parrot
83%
Condor
72%
Dove
67%
Raggiana Bird-of-Paradise
56%
Grey Crowned Crane
33%
Quetzal
28%
Frigatebird
17%
Zimbabwe Bird
11%

Score Distribution

Percentile by Number Answered

Percent of People with Each Score

Your Score History

You have not taken this quiz